00709nam a2200241 a 4500001001300000003000900013005001700022008004100039020001000080082001600090100002600106245005400132260003700186300000900223500003500232505001100267650001700278700002600295902000800321942000700329952011600336999001500452nice12345678IN_TiNIC20260116011648.0050524s1975 w.ga grp 000 0 eng  ac10000a232.99bRAO aRao, Bandi Sreenivasa aChrist in the Quran and Bibleb Was He Crucified? aW.GodavaribBandi Brothersc1975 a136p aincludes index and biblioraphy2 aerrata aJesus Christ1 aRao, Bandi Sreenivasa bSRS cBK 001040708StackRoom-aHMIbHMId2007-06-19g100.00l0o232.99 RAOp08000r2007-06-19v100.00w2005-05-24yBK c3227d3227